Statystyki dla Podzespoły komputera typu PC

Kliknij tutaj aby rozwiązać quiz!

Ogólne statystyki

  • Ten quiz został rozwiązany 412 razy
  • Średni wynik to 9 z 11

Statystyki odpowiedzi

Odpowiedź% Poprawnych
Obudowa
94%
Procesor
92%
Pamięć RAM
91%
Karta graficzna
90%
Zasilacz
87%
Napęd CD/DVD
80%
Chłodzenie procesora
79%
Wentylator
75%
Dysk HDD
72%
Dysk SSD
72%
Dysk SSD M.2
53%

Rozkład punktacji

Percentyl według liczby udzielonych odpowiedzi

Procent ludzi z każdym wynikiem

Twoja historia wyników

Nie rozwiązałeś tego quizu